01421nab a2200361 i 4500001000700000003000800007005001700015006001900032007001500051008004100066022001400107035002200121040003100143050002100174080002300195082001500218100004600233245024600279264005600525336003100581337003300612338004300645546003700688650001700725650004000742650001700782650003300799650001100832655002700843700004300870773008300913856006300996137817FINmELB20241217181142.0m o d | cr cnu||||||||240708c20229999cu qr p o 0 0spa d a1561-2961 a(OCoLC)1472951175 aFINmELBbspaerdacFINmELB 4aRT41b.A846 2022 a614.21(045)(729.1)04a610.732231 aAsencios Domínguez, Iveth Sami,eautor.10aEstrategias de aprendizaje y logro de competencias genéricas en estudiantes de enfermería =bLearning Strategies and Achievement of Generic Competencies in Nursing Students /cIveth Sami Asencios Domínguez, Luisa Hortensia Rivas Díaz 1a[La Habana] :bEditorial Ciencias Médicas,c2022. atextobtxt2rdacontent/spa acomputadorabc2rdamedia/spa arecurso en líneabcr2rdacarrier/spa aResumen en español e inglés. 4aAprendizaje. 4aEducación basada en competencias. 4aEducación. 4aEducación en enfermería. 4aLogro. 4aLibros electrónicos.1 aRivas Díaz, Luisa Hortensia,eautor.08iContenida en:tRevista cubana de enfermeríagVol. 38, no. 4 (2022), p. e539040uhttps://elibro.net/ereader/politecnicointernacional/274458